Redefining tribal identity : (Record no. 84415)

MARC details
000 -LEADER
fixed length control field 00807nam a22002177a 4500
005 - DATE AND TIME OF LATEST TRANSACTION
control field 20140728144405.0
010 ## - LCCN (DPL NO)
LC control number ENG-110050
020 ## - INTERNATIONAL STANDARD BOOK NUMBER
International Standard Book Number 9789380607917
Terms of availability 995.00
035 ## - SYSTEM CONTROL NUMBER
System control number EN-93583
037 ## - SOURCE OF ACQUISITION
Source of stock number/acquisition DBAD/PUB
082 ## - DEWEY DECIMAL CLASSIFICATION NUMBER
Classification number 305.80095414
100 ## - MAIN ENTRY--PERSONAL NAME
Personal name Chattopadhyay,Pradip
245 ## - TITLE STATEMENT
Title Redefining tribal identity :
Statement of responsibility, etc by Pradip Chattopadhyay
Remainder of title the changing identity of the Santhals in South-West Bengal /
260 ## - PUBLICATION, DISTRIBUTION, ETC. (IMPRINT)
Place of publication, distribution, etc Delhi
Name of publisher, distributor, etc Primus Books
Date of publication, distribution, etc 2014
270 ## - ADDRESS
Address Virat Bhavan ,Mukherjee Nagar Commercial Complex
City Delhi
Postal code 110009
300 ## - PHYSICAL DESCRIPTION
Extent x,252p. :
Other physical details ill.,maps
Dimensions 24cm(Hb)
500 ## - GENERAL NOTE
General note Includes bibliographical references (pages 229-233) and index.
650 ## - SUBJECT ADDED ENTRY--TOPICAL TERM
Topical term or geographic name as entry element Santal (South Asian people)
Geographic subdivision India
-- West Bengal
General subdivision History.
700 ## - ADDED ENTRY--PERSONAL NAME
Personal name
942 ## - ADDED ENTRY ELEMENTS (KOHA)
Source of classification or shelving scheme Dewey Decimal Classification
Item type English Books
Call number suffix CHA
Classification part 305.80095414
Holdings
Withdrawn status Lost status Not for loan Collection code Home library Current library Date acquired Source of acquisition Cost, normal purchase price Full call number Barcode Copy number Cost, replacement price Koha item type
    Not For Loan Non-fiction D.B.Act.Division D.B.Act.Division 21/05/2014 DBAD/PUB 995.00 305.80095414 CHA EN-93583 1 995.00 English Books

© Delhi Public Library
Hit Counter
free hit counter